00618nam a2200205 450000100060000000300080000600500170001400800390003102000220007003500190009204000320011104100080014308200220015110000200017324500550019326000610024830000290030950400350033865100390037327013BD-RjUL20211209051111.0140324r19581957enka b 001 0 eng a0043200028 (1968) a(BD-RjUL)27084 aDLCcDLCdDLCdBD-RjULbeng aeng00a342.547bCAP 19581 aCallard, Keith 10aPakistan :ba political study /cby Keith Callard. aLondon :bAllen & Unwin,cc1957 [Impression 1958, 1968]. a355 p. :bill. ;c22 cm. aIncludes bibliography & Index. 0aPakistanxPolitics and government.